[Event "Politiken Cup"]
[Site "Copenhagen"]
[Date "2006.07.28"]
[Round "7.38"]
[White "Frisk, Hans"]
[Black "Aabling-Thomsen, Jakob"]
[Result "0-1"]
[WhiteElo "2032"]
[BlackElo "2271"]
[PlyCount "106"]
[EventDate "2006.??.??"]

1. e4 c5 2. Nf3 Nc6 3. d4 cxd4 4. Nxd4 Qb6 5. Nb3 Nf6 6. Nc3 e6 7. Be3 Qc7 8.
a3 a6 9. Be2 b5 10. f4 d6 11. O-O Be7 12. Kh1 Bb7 13. Bf3 O-O 14. Qe1 Rac8 15.
Qf2 Nd7 16. Rad1 Rfd8 17. g4 Na5 18. Nxa5 Qxa5 19. f5 b4 20. Nb1 Nc5 21. axb4
Qxb4 22. c3 Qb5 23. Qg2 Nd7 24. Bd4 Ne5 25. Bxe5 Qxe5 26. Qg3 Bxe4 27. Qxe5
Bxf3+ 28. Rxf3 dxe5 29. Rfd3 exf5 30. gxf5 Rxd3 31. Rxd3 Rd8 32. Rxd8+ Bxd8 33.
Kg2 g6 34. fxg6 hxg6 35. b4 f5 36. Nd2 Kf7 37. Nf3 Ke6 38. c4 Be7 39. b5 axb5
40. cxb5 Kd5 41. b6 f4 42. Nh4 g5 43. b7 Bd6 44. Nf5 Bb8 45. Ne7+ Kd6 46. Ng6
e4 47. h4 f3+ 48. Kf2 g4 49. h5 Ke6 50. Nf8+ Ke7 51. Ng6+ Kf6 52. Nf8 g3+ 53.
Kg1 Ba7+ 0-1

[Event "Politiken Cup"]
[Site "Copenhagen"]
[Date "2006.07.28"]
[Round "7.39"]
[White "Nielsen, Max"]
[Black "Danielsson, Robert"]
[Result "1-0"]
[WhiteElo "2267"]
[BlackElo "2037"]
[PlyCount "65"]
[EventDate "2006.??.??"]

1. e4 c5 2. Nf3 Nc6 3. d4 cxd4 4. Nxd4 g6 5. Nc3 Bg7 6. Be3 Nf6 7. Bc4 Qa5 8.
O-O O-O 9. Nb3 Qc7 10. Bg5 Ne5 11. Be2 d6 12. Bxf6 Bxf6 13. Nd5 Qb8 14. Nxf6+
exf6 15. f4 Nc6 16. Qd2 Be6 17. Rad1 Bxb3 18. axb3 Rd8 19. Rf3 Qc7 20. Rd3 Rd7
21. Rxd6 Rxd6 22. Qxd6 Qxd6 23. Rxd6 Re8 24. Bf3 Re7 25. c3 Kg7 26. b4 a6 27.
Kf2 g5 28. g3 Rc7 29. Ke3 Ne7 30. Bg4 Ng6 31. Rd7 Rxd7 32. Bxd7 Ne7 33. f5 1-0

[Event "Politiken Cup"]
[Site "Copenhagen"]
[Date "2006.07.28"]
[Round "7.40"]
[White "Hanssen, Gunnar Berg"]
[Black "Sending, Stale"]
[Result "1/2-1/2"]
[WhiteElo "2254"]
[BlackElo "2035"]
[PlyCount "54"]
[EventDate "2006.??.??"]

1. Nf3 Nf6 2. c4 e6 3. g3 b6 4. Bg2 Bb7 5. O-O Be7 6. Nc3 O-O 7. Re1 d5 8. cxd5
exd5 9. d4 Na6 10. Bf4 c5 11. Rc1 Nc7 12. dxc5 bxc5 13. Qb3 Qc8 14. Bh3 Ne6 15.
Ng5 Qc6 16. Nxe6 fxe6 17. Qb5 Rac8 18. Bxe6+ Qxe6 19. Qxb7 d4 20. Nb1 Nd5 21.
Nd2 Nxf4 22. gxf4 Rxf4 23. Qb3 Qxb3 24. Nxb3 c4 25. h3 Rc6 26. Nd2 c3 27. Nf3
Rg6+ 1/2-1/2

[Event "Politiken Cup"]
[Site "Copenhagen"]
[Date "2006.07.28"]
[Round "7.43"]
[White "Haapasalo, Jukka-Pekka"]
[Black "Nguyen, Michael"]
[Result "1-0"]
[WhiteElo "2200"]
[BlackElo "2009"]
[PlyCount "63"]
[EventDate "2006.??.??"]

1. Nf3 Nf6 2. c4 b6 3. g3 Bb7 4. Bg2 c5 5. O-O e6 6. Nc3 Be7 7. d4 cxd4 8. Qxd4
d6 9. b3 O-O 10. Rd1 a6 11. e4 Qc7 12. Ba3 Rd8 13. Rac1 Ne8 14. h4 Nd7 15. Qe3
Nef6 16. Nd4 Rac8 17. Rd2 Qb8 18. Re1 Nc5 19. Bb2 Bf8 20. Rde2 Ng4 21. Qg5 Nf6
22. Nd5 exd5 23. Nf5 Ne6 24. Nh6+ Kh8 25. Nxf7+ Kg8 26. Nh6+ Kh8 27. Qf5 Nc7
28. Bxf6 gxf6 29. exd5 Ne8 30. Re7 Ng7 31. Qxf6 Rc7 32. Qf7 1-0

[Event "Politiken Cup"]
[Site "Copenhagen"]
[Date "2006.07.28"]
[Round "7.44"]
[White "Tofte, Sondre Waage"]
[Black "Solberg, Joachim"]
[Result "1/2-1/2"]
[WhiteElo "1950"]
[BlackElo "2179"]
[PlyCount "22"]
[EventDate "2006.??.??"]

1. e4 c5 2. a3 e6 3. b4 b6 4. bxc5 bxc5 5. Nf3 Bb7 6. Nc3 Nf6 7. Rb1 Bxe4 8.
Nxe4 Nxe4 9. Ne5 Qc7 10. Nxf7 Qf4 11. Qf3 Qxf3 1/2-1/2

[Event "Politiken Cup"]
[Site "Copenhagen"]
[Date "2006.07.28"]
[Round "7.45"]
[White "Kafka, Graeme"]
[Black "Petersen, Nils"]
[Result "1-0"]
[WhiteElo "2134"]
[BlackElo "2007"]
[PlyCount "89"]
[EventDate "2006.??.??"]

1. e4 c5 2. Nc3 Nc6 3. Bb5 e6 4. Bxc6 bxc6 5. d3 d6 6. Nge2 Nf6 7. O-O Be7 8.
Ng3 O-O 9. f4 Qc7 10. f5 d5 11. Qe2 Bd6 12. Bg5 Be5 13. Bxf6 Bxf6 14. Nh5 Bd4+
15. Kh1 exf5 16. exf5 f6 17. Rae1 Be5 18. Qf3 Bd7 19. Na4 Bd6 20. c4 d4 21. Ng3
Rfe8 22. Rxe8+ Rxe8 23. Ne4 Re5 24. Qg4 Kh8 25. b3 Bf8 26. Qh3 Qc8 27. g4 Qe8
28. Kg2 Rxe4 29. dxe4 Qxe4+ 30. Qf3 Qe5 31. Qg3 Bd6 32. Qxe5 fxe5 33. Kf3 Kg8
34. Nb2 e4+ 35. Kxe4 Bxh2 36. Nd3 Bd6 37. Ne5 Be8 38. g5 Bh5 39. Rf2 h6 40.
gxh6 gxh6 41. Rh2 Bd1 42. Rxh6 Bc2+ 43. Nd3 Bf8 44. Rxc6 Kf7 45. Ra6 1-0

[Event "Politiken Cup"]
[Site "Copenhagen"]
[Date "2006.07.28"]
[Round "7.46"]
[White "Tocklin, Tomi"]
[Black "Nielsen, Jens Holm"]
[Result "1/2-1/2"]
[WhiteElo "1918"]
[BlackElo "2034"]
[PlyCount "108"]
[EventDate "2006.??.??"]

1. e4 Nc6 2. Nf3 f5 3. exf5 d5 4. d4 Bxf5 5. Bb5 e6 6. Ne5 Nge7 7. Nd2 Qd6 8.
c3 a6 9. Qa4 Rd8 10. Bxc6+ Nxc6 11. Ndf3 Be7 12. Bf4 b5 13. Qd1 Nxe5 14. Nxe5
Qb6 15. g4 Be4 16. f3 O-O 17. Bg3 Bg6 18. Nxg6 hxg6 19. Qd3 c5 20. Be5 Bf6 21.
f4 cxd4 22. cxd4 Bxe5 23. fxe5 Qa5+ 24. Ke2 Qb4 25. Qc3 Qc4+ 26. Ke3 Qxc3+ 27.
bxc3 Rc8 28. Rac1 Rc4 29. Rc2 Rfc8 30. Rhc1 Kf7 31. Kf4 R8c7 32. Ke3 g5 33. Kd3
Kg6 34. Rf1 Ra4 35. Rff2 Ra3 36. Rf1 Rc4 37. Rb1 Rca4 38. Rbb2 Rc4 39. Rb3 Ra5
40. Rbb2 Rc8 41. Rf2 Rh8 42. Rf3 Ra4 43. h3 Rc4 44. Ke2 Rhc8 45. Kd2 Ra4 46.
Rf1 Rac4 47. Rf3 Rb8 48. a3 a5 49. Rd3 Ra4 50. Rb3 Rf8 51. Ke2 Rb8 52. Kf3 Rc4
53. Ke3 Ra4 54. Kf3 Rf8+ 1/2-1/2

[Event "Politiken Cup"]
[Site "Copenhagen"]
[Date "2006.07.28"]
[Round "7.47"]
[White "Agustsson, Hafsteinn"]
[Black "Madland, Kristoffer"]
[Result "0-1"]
[WhiteElo "1945"]
[BlackElo "2100"]
[PlyCount "68"]
[EventDate "2006.??.??"]

1. e4 c5 2. Nf3 d6 3. d4 cxd4 4. Nxd4 Nf6 5. Nc3 g6 6. Be3 Bg7 7. f3 O-O 8. Qd2
Nc6 9. O-O-O Ne5 10. g4 Be6 11. h4 Qa5 12. Kb1 Nxf3 13. Qg2 Nxd4 14. Bxd4 Nxg4
15. Qg3 Be5 16. Qe1 Rfc8 17. h5 Bxd4 18. Rxd4 Qe5 19. Rb4 Rab8 20. hxg6 fxg6
21. Qh4 Nf6 22. Nd5 Bxd5 23. exd5 Qh5 24. Bh3 Qxh4 25. Be6+ Kg7 26. Rbxh4 Rf8
27. Kc1 h5 28. Rg1 Kh6 29. Kd2 g5 30. Rh2 Kg6 31. Ke3 Ne8 32. Rhg2 g4 33. Bxg4
hxg4 34. Rxg4+ Kf7 0-1

[Event "Politiken Cup"]
[Site "Copenhagen"]
[Date "2006.07.28"]
[Round "7.48"]
[White "Andersen, Mads"]
[Black "Thomassen, Thomas"]
[Result "1-0"]
[WhiteElo "1794"]
[BlackElo "2079"]
[PlyCount "49"]
[EventDate "2006.??.??"]

1. e4 c5 2. Nf3 Nc6 3. d4 cxd4 4. Nxd4 Nf6 5. Nc3 e5 6. Ndb5 d6 7. Bg5 a6 8.
Na3 b5 9. Bxf6 gxf6 10. Nd5 f5 11. c3 Bg7 12. exf5 Bxf5 13. Nc2 O-O 14. Nce3
Be6 15. Bd3 f5 16. O-O e4 17. Nf4 Bf7 18. Bc2 Be5 19. Nfd5 Qh4 20. g3 Qh3 21.
f4 Bh5 22. Qd2 Bg7 23. Nb6 Kh8 24. Nxa8 Rxa8 25. Qd5 1-0

[Event "Politiken Cup"]
[Site "Copenhagen"]
[Date "2006.07.28"]
[Round "7.49"]
[White "Eddy, Samuel"]
[Black "Frisk, Ellinor"]
[Result "1/2-1/2"]
[WhiteElo "2069"]
[BlackElo "1998"]
[PlyCount "59"]
[EventDate "2006.??.??"]

1. e4 e6 2. d4 d5 3. Nd2 c5 4. Ngf3 Nc6 5. c3 cxd4 6. cxd4 dxe4 7. Nxe4 Nf6 8.
Bd3 Bb4+ 9. Bd2 O-O 10. O-O Bxd2 11. Qxd2 h6 12. Ng3 b6 13. Rad1 Bb7 14. Bb1
Rc8 15. a3 Ba6 16. Rfe1 Qd5 17. Ne4 Qd8 18. Qc2 Nxe4 19. Qxe4 g6 20. h4 Qd5 21.
Qf4 Kg7 22. Ne5 Qd8 23. h5 Nxe5 24. Rxe5 Qf6 25. Qxf6+ Kxf6 26. hxg6 fxg6 27.
Ba2 Bc4 28. Bxc4 Rxc4 29. Rd3 Rxd4 30. Rxe6+ 1/2-1/2

[Event "Politiken Cup"]
[Site "Copenhagen"]
[Date "2006.07.28"]
[Round "7.50"]
[White "Schmied, Andreas"]
[Black "Wilsbeck, Jan B"]
[Result "0-1"]
[WhiteElo "2062"]
[BlackElo "1944"]
[PlyCount "88"]
[EventDate "2006.??.??"]

1. e4 c5 2. Nf3 d6 3. d4 cxd4 4. Nxd4 Nf6 5. Nc3 a6 6. a4 e5 7. Nb3 Be6 8. Be2
Be7 9. O-O O-O 10. Be3 Nc6 11. Kh1 Qc7 12. f4 exf4 13. Rxf4 Ne5 14. Nd4 Nc4 15.
Bc1 Bd7 16. Nf5 Bxf5 17. Rxf5 Rac8 18. Qd3 Qb6 19. Qg3 Kh8 20. Rb1 Qd4 21. Bxc4
Qxc4 22. Qf3 Qe6 23. Bg5 Rc4 24. Re1 h6 25. Bd2 g6 26. Rf4 Kh7 27. Qd3 Nh5 28.
Rff1 Rfc8 29. Nd5 Bd8 30. Bc3 Ng7 31. Qf3 f5 32. exf5 Qxf5 33. Qxf5 gxf5 34.
Rf3 R4c5 35. Rg3 Bg5 36. Nb6 R8c7 37. a5 f4 38. Rd3 Nf5 39. Nd5 Rf7 40. Re8 Ne3
41. Nb4 Rxa5 42. Rh8+ Kg6 43. Rxd6+ Kh5 44. Kg1 f3 0-1

[Event "Politiken Cup"]
[Site "Copenhagen"]
[Date "2006.07.28"]
[Round "7.51"]
[White "Eriksson, Christian"]
[Black "Sande, Odmund"]
[Result "0-1"]
[WhiteElo "1982"]
[BlackElo "1825"]
[PlyCount "80"]
[EventDate "2006.??.??"]

1. e4 c6 2. d4 d5 3. e5 Bf5 4. Be3 e6 5. Nd2 Nd7 6. c3 c5 7. Ngf3 cxd4 8. Nxd4
Ne7 9. N2f3 a6 10. Be2 Be4 11. O-O Bxf3 12. Nxf3 Nc6 13. Bf4 Be7 14. Re1 O-O
15. Bd3 g6 16. Bh6 Re8 17. Qd2 Bf8 18. h4 Bg7 19. Bxg7 Kxg7 20. h5 gxh5 21. Qf4
Nf8 22. Ng5 Qe7 23. Re3 Ng6 24. Qg3 h4 25. Qg4 Rh8 26. f4 h5 27. Qf3 Ncxe5 28.
Nxe6+ fxe6 29. fxe5 Raf8 30. Qd1 Qg5 31. Qe2 Nf4 32. Qd2 h3 33. Bf1 hxg2 34.
Bxg2 h4 35. Kh2 Kh6 36. Rg1 Rhg8 37. Qf2 Nxg2 38. Rf3 Qxe5+ 39. Kh1 Rxf3 40.
Qxf3 Rg3 0-1

[Event "Politiken Cup"]
[Site "Copenhagen"]
[Date "2006.07.28"]
[Round "7.52"]
[White "Zachariassen, John"]
[Black "Rosenkilde, Alexander"]
[Result "1-0"]
[WhiteElo "1831"]
[BlackElo "2054"]
[PlyCount "57"]
[EventDate "2006.??.??"]

1. e4 c5 2. Na3 Nc6 3. Nf3 d6 4. g3 g6 5. Bg2 Bg7 6. O-O e6 7. c3 e5 8. Nc2 f5
9. d4 exd4 10. cxd4 fxe4 11. Ng5 Nxd4 12. Nxe4 Bf5 13. Re1 Ne7 14. Nxd4 cxd4
15. Qa4+ Kf8 16. Ng5 h6 17. Nf3 Qb6 18. Nh4 Bd3 19. Qd1 Bc4 20. Rxe7 Kxe7 21.
Nxg6+ Kd7 22. Nxh8 Bxh8 23. Bxh6 Re8 24. Bh3+ Be6 25. Bg2 Bc4 26. b3 Be2 27.
Bh3+ Kc7 28. Rc1+ Kb8 29. Qxe2 1-0

[Event "Politiken Cup"]
[Site "Copenhagen"]
[Date "2006.07.28"]
[Round "7.53"]
[White "Christensen, Bo Garner"]
[Black "Skovgaard, Tom"]
[Result "1-0"]
[WhiteElo "2247"]
[BlackElo "2004"]
[PlyCount "35"]
[EventDate "2006.??.??"]

1. d4 Nf6 2. Nf3 e6 3. Bf4 d5 4. Nbd2 Bd6 5. Bg3 Bxg3 6. hxg3 Qe7 7. e3 Nbd7 8.
c4 dxc4 9. Bxc4 Ng4 10. Qc2 h5 11. Ne4 b6 12. O-O-O Bb7 13. d5 exd5 14. Bxd5
Bxd5 15. Rxd5 Nc5 16. Nxc5 bxc5 17. Qa4+ Kf8 18. Qxg4 1-0

[Event "Politiken Cup"]
[Site "Copenhagen"]
[Date "2006.07.28"]
[Round "7.54"]
[White "Royset, Paal"]
[Black "Bergvoll, Mats"]
[Result "1-0"]
[WhiteElo "2228"]
[BlackElo "2003"]
[PlyCount "47"]
[EventDate "2006.??.??"]

1. e4 c5 2. Nf3 Nc6 3. Bb5 g6 4. O-O Bg7 5. Re1 a6 6. Bc4 d6 7. Nc3 Nf6 8. h3
O-O 9. d4 cxd4 10. Nxd4 Bd7 11. Be3 Qc7 12. Bb3 Nxd4 13. Bxd4 e6 14. Qf3 e5 15.
Be3 Bc6 16. Rad1 Kh8 17. Bh6 Nxe4 18. Bxg7+ Kxg7 19. Nxe4 f5 20. Ng5 Bxf3 21.
Ne6+ Kf6 22. Nxc7 Bxd1 23. Nxa8 Bxc2 24. Nb6 1-0

[Event "Politiken Cup"]
[Site "Copenhagen"]
[Date "2006.07.28"]
[Round "7.55"]
[White "Roder, Peter"]
[Black "Helin, Mikael"]
[Result "1-0"]
[WhiteElo "2131"]
[BlackElo "1964"]
[PlyCount "192"]
[EventDate "2006.??.??"]

1. d4 Nf6 2. c4 c5 3. d5 b5 4. cxb5 a6 5. Nc3 axb5 6. e4 d6 7. Bxb5+ Bd7 8.
Bxd7+ Nbxd7 9. Nf3 g6 10. O-O Bg7 11. Bg5 h6 12. Bf4 Nh5 13. Be3 Qb6 14. Rb1
O-O 15. Qd2 Kh7 16. b4 Qa6 17. Rfc1 f5 18. exf5 Rxf5 19. Nh4 Rf7 20. Qc2 Ne5
21. b5 Qc8 22. h3 Nf4 23. Kh2 Ned3 24. Bxf4 Nxf4 25. Ne2 Nxe2 26. Qxe2 Be5+ 27.
Kg1 Qb7 28. Qe4 Rg8 29. Nf3 Rf4 30. Qe3 Qxd5 31. Nxe5 Re4 32. Qb3 Qxe5 33. b6
Rf8 34. b7 Rb4 35. Qd3 Qf4 36. Qe2 Rxb7 37. g3 Qg5 38. Rxb7 Qxc1+ 39. Kg2 Re8
40. Rxe7+ Rxe7 41. Qxe7+ Kh8 42. Qxd6 c4 43. a4 c3 44. a5 c2 45. a6 Qb1 46.
Qf8+ Kh7 47. Qf7+ Kh8 48. a7 Qa1 49. Qf8+ Kh7 50. a8=Q Qxa8+ 51. Qxa8 c1=Q 52.
Qf3 Kg7 53. Qb7+ Kh8 54. Qf7 Qc2 55. h4 h5 56. Qf3 Qc4 57. Qe3 Qc2 58. Kf1 Qd1+
59. Qe1 Qf3 60. Qe3 Qd1+ 61. Kg2 Qc2 62. Kf3 Qf5+ 63. Ke2 Qc2+ 64. Qd2 Qe4+ 65.
Qe3 Qc2+ 66. Ke1 Qb1+ 67. Kd2 Qb2+ 68. Kd3 Qb5+ 69. Kd4 Qd7+ 70. Kc4 Qa4+ 71.
Kc5 Qa7+ 72. Kd6 Qa6+ 73. Ke7 Qb7+ 74. Kf6 Qg7+ 75. Ke6 Qg8+ 76. Ke7 Qg7+ 77.
Kd8 Qf6+ 78. Ke8 Qc6+ 79. Kf7 Kh7 80. Qe7 Qf3+ 81. Ke8+ Kg8 82. Qe6+ Kh7 83.
Qf7+ Qxf7+ 84. Kxf7 Kh6 85. f4 Kh7 86. Kf6 Kh6 87. f5 g5 88. hxg5+ Kh7 89. g6+
Kg8 90. Kg5 h4 91. gxh4 Kg7 92. h5 Kg8 93. f6 Kf8 94. h6 Kg8 95. f7+ Kf8 96. h7
Kg7 1-0

[Event "Politiken Cup"]
[Site "Copenhagen"]
[Date "2006.07.28"]
[Round "7.56"]
[White "Marcussen, Claus"]
[Black "Olsen, Aage"]
[Result "1/2-1/2"]
[WhiteElo "1985"]
[BlackElo "2121"]
[PlyCount "51"]
[EventDate "2006.??.??"]

1. f4 d5 2. Nf3 c5 3. e3 Nc6 4. d4 cxd4 5. exd4 Bg4 6. c3 Nf6 7. Be2 e6 8. Nbd2
Bd6 9. Ne5 Bxe2 10. Qxe2 O-O 11. O-O Qc7 12. g3 Rae8 13. Ng4 Nxg4 14. Qxg4 f6
15. Nf3 Qf7 16. Bd2 a5 17. Ne1 b5 18. Nd3 Qa7 19. Kg2 Qf7 20. Rae1 Re7 21. Ne5
Qe8 22. Nxc6 Qxc6 23. Rxe6 f5 24. Qe2 Rfe8 25. Rxe7 Rxe7 26. Qd3 1/2-1/2

[Event "Politiken Cup"]
[Site "Copenhagen"]
[Date "2006.07.28"]
[Round "7.57"]
[White "Nielsen, Borge Hjerrild"]
[Black "Hartsteen, Mark"]
[Result "1-0"]
[WhiteElo "2119"]
[BlackElo "1973"]
[PlyCount "49"]
[EventDate "2006.??.??"]

1. d4 Nf6 2. c4 g6 3. Nf3 Bg7 4. g3 d6 5. Bg2 O-O 6. O-O Nbd7 7. Qc2 e5 8. Rd1
Qe7 9. Nc3 exd4 10. Nxd4 Nb6 11. b3 a6 12. Bb2 Re8 13. h3 Bh6 14. e4 Nbd7 15.
Re1 Bg7 16. Rad1 Nc5 17. Qd2 Qe5 18. b4 Ne6 19. Nd5 Nxd5 20. exd5 Qf6 21. dxe6
c5 22. exf7+ Kxf7 23. Bd5+ Be6 24. Nxe6 Qxb2 25. Nxg7+ 1-0

[Event "Politiken Cup"]
[Site "Copenhagen"]
[Date "2006.07.28"]
[Round "7.58"]
[White "Larsen, Andreas"]
[Black "Henrichsen, Jens"]
[Result "1-0"]
[WhiteElo "1975"]
[BlackElo "2106"]
[PlyCount "81"]
[EventDate "2006.??.??"]

1. e4 c5 2. Nf3 d6 3. d4 cxd4 4. Nxd4 Nf6 5. Bd3 e6 6. O-O Be7 7. c4 O-O 8. Nc3
a6 9. Kh1 b6 10. f4 Bb7 11. Rf3 Nc6 12. Nc2 Rc8 13. Rh3 Qc7 14. g4 g6 15. g5
Nd7 16. Ne3 f5 17. exf5 Nb4+ 18. Kg1 Nxd3 19. Qxd3 Nc5 20. Qe2 Qc6 21. f6 Qh1+
22. Kf2 Be4 23. Qf1 Nd3+ 24. Kg3 Bxf6 25. Qxh1 Bxh1 26. gxf6 Rxf6 27. Ng4 Rff8
28. Be3 Bb7 29. b3 e5 30. fxe5 Rf3+ 31. Kh4 dxe5 32. Rxf3 Bxf3 33. Bxb6 Rf8 34.
Nd5 h5 35. Ngf6+ Kg7 36. Nd7 Rf7 37. Nc5 Nf2 38. Ne6+ Kh6 39. Bxf2 Bxd5 40.
Be3+ g5+ 41. Bxg5+ 1-0

[Event "Politiken Cup"]
[Site "Copenhagen"]
[Date "2006.07.28"]
[Round "7.59"]
[White "Hansen, Rene Rauer"]
[Black "Friesen, Bas"]
[Result "1-0"]
[WhiteElo "2096"]
[BlackElo "1971"]
[PlyCount "129"]
[EventDate "2006.??.??"]

1. e4 e6 2. d4 d5 3. Nd2 dxe4 4. Nxe4 Bd7 5. Nf3 Bc6 6. Bd3 Nd7 7. O-O Ngf6 8.
Re1 Nxe4 9. Bxe4 Bxe4 10. Rxe4 Nf6 11. Bg5 Be7 12. Bxf6 Bxf6 13. d5 O-O 14.
dxe6 fxe6 15. c3 Qd5 16. Qe2 Rfe8 17. c4 Qc6 18. Re1 Rad8 19. h3 Re7 20. b3
Rde8 21. Qe3 Qa6 22. Re2 Qa5 23. Nd4 Bxd4 24. Qxd4 Qb6 25. c5 Qc6 26. Qc4 Kf7
27. Re5 b5 28. Qh4 Kg8 29. b4 Rf7 30. Qd4 Rd7 31. Qg4 Rde7 32. h4 Qd7 33. Qe4
Qd1+ 34. Kh2 Qc1 35. Qc6 Qf4+ 36. g3 Qxb4 37. Rxe6 Rxe6 38. Rxe6 Rf8 39. Re8
Qc4 40. Rxf8+ Kxf8 41. Qxc7 Qxa2 42. Qf4+ Ke7 43. Qd6+ Kf7 44. Qd7+ Kf6 45. Kg2
b4 46. c6 Qc4 47. c7 Qe4+ 48. Kh2 Qc2 49. c8=Q Qxf2+ 50. Kh3 Qf1+ 51. Kg4 Qe2+
52. Kf4 Qf2+ 53. Ke4 Qe2+ 54. Kd5 Qd3+ 55. Kc5 Qc2+ 56. Kb5 Qe2+ 57. Kxb4 Qb2+
58. Kc5 Qc3+ 59. Kb5 Qb3+ 60. Kc6 Qb6+ 61. Kd5 Qb3+ 62. Qc4 Qf3+ 63. Kc5 Qa3+
64. Kc6 Qf3+ 65. Qdd5 1-0

[Event "Politiken Cup"]
[Site "Copenhagen"]
[Date "2006.07.28"]
[Round "7.60"]
[White "Fogh, Jens Olaf Svanholm"]
[Black "Tjensvoll, Tore"]
[Result "1-0"]
[WhiteElo "2093"]
[BlackElo "1961"]
[PlyCount "71"]
[EventDate "2006.??.??"]

1. d4 Nf6 2. Nf3 e6 3. e3 b6 4. Bd3 Bb7 5. Nbd2 d5 6. b3 Be7 7. Bb2 O-O 8. O-O
Ne4 9. c4 Nd7 10. Rc1 c5 11. Qc2 Ndf6 12. Rfd1 cxd4 13. Nxd4 Bb4 14. Nxe4 dxe4
15. Be2 Qe7 16. Nb5 a6 17. Nc3 Rac8 18. Qb1 Bd6 19. Na4 Nd7 20. Rc2 Bb8 21.
Rcd2 Nc5 22. Nxc5 Qxc5 23. g3 Bc7 24. Qc1 Rfd8 25. Ba3 Qg5 26. Bd6 Bxd6 27.
Rxd6 Rxd6 28. Rxd6 Qc5 29. Qd2 h6 30. b4 Qc7 31. Qd4 Bc6 32. a3 Rb8 33. c5 b5
34. Bd1 Ra8 35. Bc2 Qb7 36. Rxc6 1-0

[Event "Politiken Cup"]
[Site "Copenhagen"]
[Date "2006.07.28"]
[Round "7.61"]
[White "Pettersen, Joar Gullestad"]
[Black "Olsson, Tomas"]
[Result "1/2-1/2"]
[WhiteElo "1956"]
[BlackElo "2084"]
[PlyCount "32"]
[EventDate "2006.??.??"]

1. e4 e5 2. Nf3 Nc6 3. Bc4 Bc5 4. d4 Bxd4 5. Nxd4 Nxd4 6. Be3 d6 7. Bxd4 exd4
8. Qxd4 Qf6 9. Qc3 c6 10. O-O Qxc3 11. Nxc3 Be6 12. Bb3 O-O-O 13. Rad1 Bxb3 14.
axb3 Nf6 15. Rd2 Rhe8 16. f3 Kc7 1/2-1/2

[Event "Politiken Cup"]
[Site "Copenhagen"]
[Date "2006.07.28"]
[Round "7.62"]
[White "Hyldkrog, Lars"]
[Black "Frank-Nielsen, Marie"]
[Result "1/2-1/2"]
[WhiteElo "2074"]
[BlackElo "1955"]
[PlyCount "95"]
[EventDate "2006.??.??"]

1. e4 c5 2. Nf3 Nc6 3. d4 cxd4 4. Nxd4 Qb6 5. Nb3 Nf6 6. Nc3 e6 7. Bd3 a6 8.
O-O d5 9. exd5 Nxd5 10. Nxd5 exd5 11. Re1+ Be7 12. Bg5 Qc7 13. Bxe7 Nxe7 14.
Qe2 h5 15. Nd4 Bg4 16. Qe5 Qxe5 17. Rxe5 f6 18. Re3 Kf7 19. Rae1 Rhe8 20. c3
Bd7 21. h3 Nc6 22. Nxc6 Bxc6 23. Rxe8 Bxe8 24. Bc2 Bd7 25. h4 b5 26. Rd1 Bc6
27. a3 Re8 28. Kf1 Re5 29. f4 Re8 30. Kf2 g6 31. Rd2 f5 32. g3 Kf6 33. Bb3 Ke6
34. Re2+ Kd6 35. Rxe8 Bxe8 36. Ke3 Kc5 37. Ba2 a5 38. b3 Bc6 39. Kd3 Bd7 40.
b4+ axb4 41. axb4+ Kd6 42. Kd4 Be6 43. Bb1 Bf7 44. Bd3 Be8 45. Be2 Bd7 46. Bf3
Be6 47. Bg2 Bf7 48. Bf3 1/2-1/2

[Event "Politiken Cup"]
[Site "Copenhagen"]
[Date "2006.07.28"]
[Round "7.63"]
[White "Marshall, Michael"]
[Black "Rhee, Alexander"]
[Result "0-1"]
[WhiteElo "1961"]
[BlackElo "2072"]
[PlyCount "76"]
[EventDate "2006.??.??"]

1. d4 c5 2. d5 g6 3. Nc3 d6 4. e4 Bg7 5. Bb5+ Nd7 6. a4 a6 7. Be2 b6 8. Nf3
Ngf6 9. O-O O-O 10. Bf4 Ne8 11. Re1 Rb8 12. Qd2 Ne5 13. Nxe5 dxe5 14. Be3 Qc7
15. Bc4 Nd6 16. Qe2 Ra8 17. f3 f5 18. Rab1 f4 19. Bf2 g5 20. b4 Kh8 21. bxc5
bxc5 22. Kh1 Rg8 23. Rb3 Bf6 24. Qf1 h5 25. h3 Rg6 26. Be2 Rh6 27. Kg1 Bd7 28.
Bxa6 c4 29. Bb6 Qb8 30. Bxc4 g4 31. hxg4 hxg4 32. fxg4 Qc8 33. Be2 Rb8 34. a5
Bh4 35. Reb1 Bxg4 36. Bd4 Rxb3 37. Bxe5+ Kh7 38. Rxb3 Qc5+ 0-1

[Event "Politiken Cup"]
[Site "Copenhagen"]
[Date "2006.07.28"]
[Round "7.64"]
[White "Sykes, Chris"]
[Black "Marder, Simon"]
[Result "0-1"]
[WhiteElo "1922"]
[BlackElo "2069"]
[PlyCount "80"]
[EventDate "2006.??.??"]

1. d4 g6 2. e4 Bg7 3. c3 d6 4. Nf3 Nd7 5. Bf4 e6 6. Bc4 a6 7. a4 b6 8. Nbd2 h6
9. h4 Bb7 10. b4 Ne7 11. Qe2 Ra7 12. Bd3 Nf6 13. O-O O-O 14. Rac1 Qd7 15. a5 b5
16. c4 c6 17. cxb5 cxb5 18. Rc2 Raa8 19. Rfc1 Rac8 20. Nb3 Kh7 21. Nfd2 Rxc2
22. Rxc2 Nc6 23. Rb2 Nxb4 24. Bb1 Nc6 25. g4 e5 26. dxe5 Qxg4+ 27. Qxg4 Nxg4
28. Rc2 dxe5 29. Bg3 Rc8 30. Nc5 Nxa5 31. Nxb7 Rxc2 32. Bxc2 Nxb7 33. Bb3 Nd6
34. f3 Ne3 35. Kf2 Nec4 36. Ke2 f5 37. Bf2 Nxd2 38. Kxd2 fxe4 39. h5 exf3 40.
Bc2 e4 0-1

[Event "Politiken Cup"]
[Site "Copenhagen"]
[Date "2006.07.28"]
[Round "7.65"]
[White "Bering, Anders"]
[Black "Saemundsson, Bjarni"]
[Result "1/2-1/2"]
[WhiteElo "2046"]
[BlackElo "1945"]
[PlyCount "64"]
[EventDate "2006.??.??"]

1. e4 c6 2. d4 d5 3. Nc3 dxe4 4. Nxe4 Bf5 5. Ng3 Bg6 6. h4 h6 7. Nf3 Nf6 8. h5
Bh7 9. Bd3 Bxd3 10. Qxd3 Nbd7 11. Bd2 e6 12. O-O-O Qc7 13. Ne4 Nxe4 14. Qxe4
Nf6 15. Qe2 Bd6 16. Kb1 O-O-O 17. g3 Rhe8 18. c4 c5 19. Bc3 Kb8 20. dxc5 Qxc5
21. Rxd6 Rxd6 22. Be5 Red8 23. Nd2 Kc8 24. Bxd6 Qxd6 25. Rd1 Qd3+ 26. Qxd3 Rxd3
27. Kc2 Rd4 28. Kc3 Rd7 29. Rh1 Ng4 30. f3 Ne5 31. f4 Ng4 32. b3 Ne3 1/2-1/2

[Event "Politiken Cup"]
[Site "Copenhagen"]
[Date "2006.07.28"]
[Round "7.66"]
[White "Wurtz, Jacob"]
[Black "Schultz-Pedersen, Jesper"]
[Result "0-1"]
[WhiteElo "2001"]
[BlackElo "2203"]
[PlyCount "90"]
[EventDate "2006.??.??"]

1. Nf3 d5 2. d4 Nc6 3. Bf4 Bg4 4. e3 e6 5. Be2 Bd6 6. Bg3 Nf6 7. a3 O-O 8. c4
dxc4 9. Qa4 Re8 10. Qxc4 Rc8 11. Nc3 a6 12. Rd1 Qe7 13. e4 Bxf3 14. Bxf3 Bxg3
15. hxg3 e5 16. d5 Nd4 17. O-O c6 18. Rc1 g6 19. b4 Kg7 20. Qa2 Qd7 21. Na4 Qd8
22. dxc6 b5 23. c7 Rxc7 24. Rxc7 Qxc7 25. Nc5 Qc6 26. Rc1 h5 27. Qb2 Nd7 28.
Nb3 Nxf3+ 29. gxf3 Qf6 30. Kg2 Nb6 31. Nc5 h4 32. Qc3 Nc4 33. Rd1 Qg5 34. Rd7
hxg3 35. fxg3 Qh6 36. g4 Qf4 37. a4 Ne3+ 38. Kf2 Nxg4+ 39. Ke2 Qh2+ 40. Kd1 Nf6
41. Ra7 bxa4 42. Qc4 Rd8+ 43. Ke1 Qg1+ 44. Ke2 Qd1+ 45. Ke3 Qd2# 0-1

[Event "Politiken Cup"]
[Site "Copenhagen"]
[Date "2006.07.28"]
[Round "7.67"]
[White "Grove, Peter"]
[Black "Schmidt, Horst Hubert"]
[Result "1-0"]
[WhiteElo "1942"]
[BlackElo "2042"]
[PlyCount "71"]
[EventDate "2006.??.??"]

1. e4 d6 2. d4 Nf6 3. Nc3 e6 4. Be3 Be7 5. f3 c6 6. Qd2 a5 7. g4 b5 8. h4 a4 9.
a3 Qa5 10. Nh3 b4 11. axb4 Qxb4 12. Nd1 Qxd2+ 13. Kxd2 d5 14. Nhf2 a3 15. b3
Ba6 16. c3 Bxf1 17. Rxf1 Nfd7 18. h5 c5 19. exd5 exd5 20. Nd3 cxd4 21. Bxd4 O-O
22. Ne3 Na6 23. Nxd5 Bc5 24. Bxc5 Naxc5 25. Nxc5 Nxc5 26. Kc2 Rfd8 27. c4 Kf8
28. Rfd1 Re8 29. Rd2 Ra7 30. b4 Ne6 31. f4 Rc8 32. Kb3 Rca8 33. f5 Ng5 34. Nb6
Re8 35. Rd3 Re4 36. Nc8 1-0

[Event "Politiken Cup"]
[Site "Copenhagen"]
[Date "2006.07.28"]
[Round "7.68"]
[White "Ertbjerg, Andreas Lund"]
[Black "Robertson, David"]
[Result "0-1"]
[WhiteElo "2034"]
[BlackElo "1927"]
[PlyCount "80"]
[EventDate "2006.??.??"]

1. e4 c5 2. Nc3 Nc6 3. g3 g6 4. Bg2 Bg7 5. d3 d6 6. Be3 Rb8 7. Qd2 b5 8. Nf3 b4
9. Nd1 Nd4 10. O-O Bg4 11. Ne1 Bxd1 12. Rxd1 e6 13. c3 bxc3 14. bxc3 Nc6 15. f4
Qa5 16. f5 Qxc3 17. e5 Nd4 18. fxe6 fxe6 19. Bc6+ Kd8 20. Bg5+ Kc8 21. Qxc3
Ne2+ 22. Kh1 Nxc3 23. exd6 Nh6 24. Rc1 Nf5 25. Bd2 Rb6 26. d7+ Kc7 27. Bg2 Ne2
28. Rxc5+ Kxd7 29. Ba5 Nexg3+ 30. hxg3 Nxg3+ 31. Kh2 Nxf1+ 32. Bxf1 Rb2+ 33.
Bg2 Rc8 34. Rxc8 Kxc8 35. a3 Bf8 36. Kg3 Bxa3 37. Bh3 Kd7 38. Nf3 Bd6+ 39. Kg4
Rb5 40. Bc3 Rb3 0-1